| 000 | 00457nam a2200181Ia 4500 | ||
|---|---|---|---|
| 005 | 20240814021252.0 | ||
| 008 | 240331s9999 xx 000 0 und d | ||
| 020 | _a0415211867 | ||
| 082 |
_bGee _a401 |
||
| 100 | _aGee, James Paul | ||
| 245 | 3 |
_aAn introduction to discourse analysis : _bTheory and Method |
|
| 260 |
_aLondon _bRoutledge _c1999 |
||
| 300 | _aviii, 176 p ., | ||
| 650 | _aPolitics | ||
| 650 | _aSocial | ||
| 650 | _aCultural | ||
| 942 | _cL | ||
| 999 |
_c2992 _d2992 |
||